[Event "XXXVII Olimpiadi femminile"]
[Site "Torino ITA"]
[Date "2006.05.31"]
[Round "10.1"]
[White "Zsiltzova-Lisenko, Lubov"]
[Black "Ryvova, Anna"]
[Result "1-0"]
[WhiteElo "2263"]
[BlackElo "2057"]
[Annotator "IBCA-ICSC"]
[PlyCount "87"]
[EventDate "2006.05.21"]

1. e4 e5 2. Nf3 Nc6 3. Bb5 a6 4. Bxc6 dxc6 5. O-O Bg4 6. h3 h5 7. d3 Qf6 8. Be3
Bxf3 9. Qxf3 Qxf3 10. gxf3 Bd6 11. Nd2 Ne7 12. Kh1 O-O-O 13. Rg1 Ng6 14. Nc4
Rde8 15. a4 Re6 16. Rg3 Be7 17. Bg5 Bc5 18. Be3 Be7 19. c3 Bh4 20. Rgg1 Rg8 21.
Rad1 Nf4 22. Bxf4 exf4 23. Rd2 g6 24. d4 Rd8 25. Rgd1 Rde8 26. Kg2 f5 27. e5
Rd8 28. b4 g5 29. Rh1 b6 30. Rdd1 Kb7 31. a5 b5 32. Nb2 Rg6 33. Nd3 Ka7 34.
Rde1 Re8 35. Re2 Re7 36. Nc5 g4 37. hxg4 Bf6 38. Rxh5 fxg4 39. fxg4 Bg5 40. f3
Reg7 41. Re1 Rh6 42. Rxh6 Bxh6 43. Rh1 Bg5 44. Ne6 1-0

[Event "XXXVII Olimpiadi femminile"]
[Site "Torino ITA"]
[Date "2006.05.31"]
[Round "10.2"]
[White "Rossinskaya, Ljudmilla"]
[Black "Stolarczyk, Anna"]
[Result "1-0"]
[WhiteElo "1931"]
[BlackElo "2036"]
[Annotator "IBCA-ICSC"]
[PlyCount "75"]
[EventDate "2006.05.21"]

1. e4 c5 2. Nf3 d6 3. d4 cxd4 4. Nxd4 Nf6 5. Nc3 a6 6. Be2 e5 7. Nb3 Be7 8. O-O
O-O 9. a4 b6 10. f4 Bb7 11. Bf3 b5 12. a5 Nbd7 13. Be3 exf4 14. Bxf4 Ne5 15.
Nd5 Nxd5 16. exd5 Bf6 17. Bxe5 Bxe5 18. c3 b4 19. Nd4 Rc8 20. Nc6 Bxc6 21. dxc6
bxc3 22. bxc3 Bxc3 23. Ra2 Bxa5 24. Kh1 Bc3 25. Rxa6 Be5 26. g3 f5 27. Bd5+ Kh8
28. Be6 Ra8 29. Rxa8 Qxa8 30. Bd5 Qa5 31. Bg2 g6 32. Qd5 Qb4 33. Qe6 f4 34. Qe7
Qb8 35. c7 Qc8 36. Rb1 fxg3 37. Qxf8+ Qxf8 38. Rb8 1-0

[Event "XXXVII Olimpiadi femminile"]
[Site "Torino ITA"]
[Date "2006.05.31"]
[Round "10.1"]
[White "Reizniece, Dana"]
[Black "Calzetta Ruiz, Monica"]
[Result "1-0"]
[WhiteElo "2287"]
[BlackElo "2317"]
[Annotator "LAT-ESP"]
[PlyCount "73"]
[EventDate "2006.05.21"]

1. c4 e5 2. Nc3 Nf6 3. Nf3 Nc6 4. d4 exd4 5. Nxd4 Bb4 6. e3 O-O 7. Be2 Bxc3+ 8.
bxc3 Ne5 9. O-O d6 10. Qc2 Re8 11. Rb1 a6 12. Re1 Ned7 13. Bf1 Nc5 14. f3 Nh5
15. Bd2 Re5 16. e4 Qf6 17. g3 Qg6 18. Bg2 Bd7 19. g4 Nf6 20. Bf4 Ba4 21. Qd2
Ree8 22. h4 h5 23. g5 Nfd7 24. Bh3 Qh7 25. Bf5 g6 26. Bxd7 Bxd7 27. e5 Ne6 28.
exd6 Nxf4 29. Qxf4 c5 30. Rxe8+ Rxe8 31. Rxb7 cxd4 32. Rxd7 dxc3 33. Re7 Rd8
34. d7 Qg7 35. Re8+ Kh7 36. Rxd8 c2 37. Re8 1-0

[Event "XXXVII Olimpiadi femminile"]
[Site "Torino ITA"]
[Date "2006.05.31"]
[Round "10.2"]
[White "Delgado Crespo, Mairelys"]
[Black "Rogule, Laura"]
[Result "1/2-1/2"]
[WhiteElo "2296"]
[BlackElo "2309"]
[Annotator "LAT-ESP"]
[PlyCount "75"]
[EventDate "2006.05.21"]

1. e4 c5 2. Nf3 d6 3. d4 cxd4 4. Qxd4 Nc6 5. Bb5 Bd7 6. Bxc6 Bxc6 7. Bg5 Nf6 8.
Nc3 e6 9. O-O-O Be7 10. Rhe1 O-O 11. e5 dxe5 12. Nxe5 Qxd4 13. Rxd4 Rac8 14.
Nxc6 Rxc6 15. Ne4 Rfc8 16. Re2 e5 17. Rd3 Kf8 18. Nxf6 Bxf6 19. Bxf6 Rxf6 20.
Rd7 Rb8 21. a4 Re6 22. Re3 g5 23. g4 a6 24. Kd2 Ke8 25. Rd5 Rd8 26. c4 f6 27.
Rxd8+ Kxd8 28. a5 Kc7 29. Rh3 Re7 30. Kc3 Kd6 31. b4 Rf7 32. Rd3+ Ke6 33. Rd8
f5 34. Re8+ Kd6 35. Rd8+ Ke6 36. Re8+ Kd6 37. Rd8+ Ke6 38. Re8+ 1/2-1/2

[Event "XXXVII Olimpiadi femminile"]
[Site "Torino ITA"]
[Date "2006.05.31"]
[Round "10.3"]
[White "Berzina, Ilze"]
[Black "Llaneza Vega, Patricia"]
[Result "1-0"]
[WhiteElo "2278"]
[BlackElo "2276"]
[Annotator "LAT-ESP"]
[PlyCount "75"]
[EventDate "2006.05.21"]

1. e4 c5 2. Nf3 Nc6 3. Bb5 Nf6 4. Qe2 g6 5. O-O Bg7 6. c3 O-O 7. Rd1 d5 8. e5
Ne8 9. d4 cxd4 10. cxd4 Bg4 11. Bxc6 bxc6 12. Nbd2 Nc7 13. h3 Bxf3 14. Nxf3 Ne6
15. Ng5 Nxg5 16. Bxg5 f6 17. Bf4 Qb6 18. b3 f5 19. Rac1 a5 20. Rc5 Rfc8 21. g4
e6 22. gxf5 gxf5 23. Qh5 a4 24. Rc3 axb3 25. Rxb3 Qa7 26. Rg3 Qf7 27. Qh4 Kh8
28. Kh1 Ra7 29. Rdg1 Qe7 30. Bg5 Qf8 31. Bf6 Rcc7 32. Qh6 Rf7 33. Bxg7+ Rxg7
34. Rxg7 Rxg7 35. Rxg7 Qxg7 36. Qxe6 Qb7 37. Qxf5 Qb4 38. e6 1-0

[Event "XXXVII Olimpiadi femminile"]
[Site "Torino ITA"]
[Date "2006.05.31"]
[Round "10.1"]
[White "Pina Vega, Sulennis"]
[Black "Jackova, Jana"]
[Result "0-1"]
[WhiteElo "2334"]
[BlackElo "2389"]
[Annotator "CUB-CZE"]
[PlyCount "114"]
[EventDate "2006.05.21"]

1. e4 e5 2. Nf3 Nc6 3. Bb5 a6 4. Ba4 Nf6 5. Qe2 b5 6. Bb3 Be7 7. O-O O-O 8. c3
d5 9. d3 Re8 10. Re1 h6 11. Nbd2 Be6 12. Nf1 Bf8 13. Ng3 Qd7 14. h3 Rad8 15.
Nh2 Ne7 16. Nh5 Nxh5 17. Qxh5 Ng6 18. Ng4 dxe4 19. dxe4 Bxb3 20. axb3 Qe6 21.
g3 b4 22. c4 Bc5 23. Be3 Bd4 24. Bc1 Qc6 25. Ra4 Bc5 26. Be3 Bxe3 27. Nxe3 Qxe4
28. Rxb4 Rd2 29. Qf5 Qd4 30. Rb7 Ne7 31. Qg4 Qc5 32. Rf1 Qc6 33. Rb4 Rd4 34.
Qe2 Qd7 35. Kh2 Rd2 36. Rd1 Rxe2 37. Rxd7 Rxf2+ 38. Kg1 Rf3 39. Nf1 e4 40. Rd2
Nf5 41. Kg2 c5 42. Rb7 Nd4 43. Rd7 e3 44. R7xd4 cxd4 45. Kxf3 exd2 46. Nxd2
Re3+ 47. Kf2 Rd3 48. Nf3 Rxb3 49. Nxd4 Rxb2+ 50. Ke3 a5 51. Kd3 Rg2 52. c5
Rxg3+ 53. Kc4 Kf8 54. c6 Ke8 55. Kb5 Kd8 56. Kxa5 Kc7 57. Kb5 Rxh3 0-1

[Event "XXXVII Olimpiadi femminile"]
[Site "Torino ITA"]
[Date "2006.05.31"]
[Round "10.2"]
[White "Sikorova, Olga"]
[Black "Marrero Lopez, Yaniet"]
[Result "1-0"]
[WhiteElo "2276"]
[BlackElo "2269"]
[Annotator "CUB-CZE"]
[PlyCount "111"]
[EventDate "2006.05.21"]

1. e4 e5 2. Nf3 Nc6 3. Bc4 Nf6 4. d3 Be7 5. O-O O-O 6. Bb3 d6 7. c3 Kh8 8. Nbd2
Ng8 9. d4 exd4 10. cxd4 Bg4 11. h3 Bh5 12. g4 Bg6 13. Re1 Na5 14. Bc2 c5 15.
Nf1 Nc6 16. d5 Nb4 17. Bb1 Re8 18. Kg2 Nf6 19. a3 Na6 20. Ng1 Bf8 21. Ng3 c4
22. f4 h6 23. f5 Bh7 24. Be3 Rc8 25. Bc2 Nc5 26. Bd4 Nfd7 27. Nf3 Be7 28. h4
Bxh4 29. Nxh4 Qxh4 30. Rh1 Qg5 31. Rh5 Qf4 32. Qe2 Ne5 33. g5 Nb3 34. Bxb3 cxb3
35. Rf1 Qg4 36. Qxg4 Nxg4 37. gxh6 Rc2+ 38. Kh3 Ne5 39. hxg7+ Kxg7 40. f6+ Kg8
41. Nf5 Ng6 42. Nxd6 Rf8 43. Rf3 Rd2 44. Bc3 Rd3 45. Kg4 Rxf3 46. Kxf3 b6 47.
Nf5 Rc8 48. Bd4 Rc4 49. Ke3 Rc1 50. Ne7+ Kf8 51. Rxh7 Nxe7 52. fxe7+ Kxe7 53.
e5 Re1+ 54. Kd2 Re4 55. Kd3 Rg4 56. e6 1-0

[Event "XXXVII Olimpiadi femminile"]
[Site "Torino ITA"]
[Date "2006.05.31"]
[Round "10.3"]
[White "Arribas Robaina, Maritza"]
[Black "Blazkova, Petra"]
[Result "1-0"]
[WhiteElo "2235"]
[BlackElo "2242"]
[Annotator "CUB-CZE"]
[PlyCount "107"]
[EventDate "2006.05.21"]

1. e4 e6 2. d4 d5 3. e5 c5 4. c3 Qb6 5. Nf3 Bd7 6. Be2 cxd4 7. cxd4 Bb5 8. Qb3
Bxe2 9. Qxb6 axb6 10. Kxe2 Ne7 11. Nc3 Nec6 12. Be3 Be7 13. Nd2 Kd7 14. f4 g6
15. g4 h5 16. f5 hxg4 17. fxg6 fxg6 18. Rag1 Bb4 19. Ndb1 Ne7 20. Rxg4 Rh3 21.
Rg3 Rh4 22. a3 Bxc3 23. bxc3 Nbc6 24. Bg5 Rh5 25. Bf6 Rg8 26. h4 Nf5 27. Rgh3
Nce7 28. Kd3 Kc6 29. R1h2 b5 30. Kc2 Nc8 31. Nd2 Nb6 32. Rh1 Nd7 33. Nf3 Nxf6
34. exf6 Ne3+ 35. Kd3 Ng4 36. Rf1 Rf8 37. Rg3 Nxf6 38. Ne5+ Kd6 39. Rgf3 Rf5
40. Nxg6 Rg8 41. Ne5 Ne4 42. Rxf5 exf5 43. Rxf5 Rg3+ 44. Rf3 Rg2 45. h5 Rh2 46.
h6 Ke6 47. Nf7 Nf2+ 48. Rxf2 Rxf2 49. h7 Rf3+ 50. Ke2 Rxf7 51. h8=Q Re7 52. Kd3
Kd7 53. Qf6 Re6 54. Qf7+ 1-0

[Event "XXXVII Olimpiadi femminile"]
[Site "Torino ITA"]
[Date "2006.05.31"]
[Round "10.1"]
[White "Maric, Alisa"]
[Black "Peng, Zhao Qin"]
[Result "0-1"]
[WhiteElo "2415"]
[BlackElo "2395"]
[Annotator "SCG-NED"]
[PlyCount "70"]
[EventDate "2006.05.21"]

1. Nf3 d5 2. d4 c5 3. c4 dxc4 4. e3 Nf6 5. Bxc4 e6 6. O-O a6 7. Bd3 Nbd7 8. Re1
Be7 9. e4 cxd4 10. e5 Nd5 11. Nxd4 Qc7 12. Nf3 b5 13. Nbd2 Bb7 14. Nb3 Nb4 15.
Be4 Rd8 16. Bd2 Nb6 17. Qe2 Nc4 18. Bxb7 Qxb7 19. Bxb4 Bxb4 20. Red1 O-O 21. h3
h6 22. a4 Qb6 23. axb5 axb5 24. Qc2 Rc8 25. Qe2 Rfd8 26. Rxd8+ Rxd8 27. Rd1
Rxd1+ 28. Qxd1 Nxb2 29. Qd7 Bf8 30. Nbd4 b4 31. Nc6 Qc5 32. Nd8 Qe7 33. Qc8 Nd3
34. Nc6 Qc5 35. Nfd4 Nxe5 0-1

[Event "XXXVII Olimpiadi femminile"]
[Site "Torino ITA"]
[Date "2006.05.31"]
[Round "10.2"]
[White "Bosboom-Lanchava, Tea"]
[Black "Chelushkina, Irina"]
[Result "1/2-1/2"]
[WhiteElo "2380"]
[BlackElo "2320"]
[Annotator "SCG-NED"]
[PlyCount "98"]
[EventDate "2006.05.21"]

1. d4 d6 2. Nf3 f5 3. g3 Nf6 4. Bg2 c6 5. O-O e6 6. c4 Be7 7. Nc3 O-O 8. Ng5 h6
9. Nf3 Na6 10. Qc2 Qe8 11. e4 Nb4 12. Qb3 fxe4 13. Nxe4 Nxe4 14. Qxb4 d5 15.
Qe1 Bf6 16. Ne5 Nd6 17. b3 Nf5 18. Bb2 a5 19. Qd2 a4 20. Rfe1 Qd8 21. Bc3 Bd7
22. Bb4 Re8 23. Bf3 Bxe5 24. dxe5 Qb6 25. c5 Qd8 26. bxa4 Rf8 27. Bd1 Be8 28.
g4 Nh4 29. f4 Bg6 30. Rf1 Be4 31. Qe3 g5 32. Qg3 Ng6 33. f5 exf5 34. gxf5 Rxf5
35. Bg4 Rxe5 36. Bc3 Qe7 37. Bxe5 Nxe5 38. h3 Qxc5+ 39. Kh2 Qd6 40. Rf2 Rxa4
41. Raf1 Bg6 42. Kh1 Ra3 43. Qh2 Re3 44. Rf6 Be4+ 45. Kg1 Qc5 46. Rf8+ Kh7 47.
Rh8+ Kg6 48. Rg8+ Kh7 49. Rh8+ Kg6 1/2-1/2

[Event "XXXVII Olimpiadi femminile"]
[Site "Torino ITA"]
[Date "2006.05.31"]
[Round "10.3"]
[White "Benderac, Ana"]
[Black "Schuurman, Petra"]
[Result "0-1"]
[WhiteElo "2293"]
[BlackElo "2258"]
[Annotator "SCG-NED"]
[PlyCount "80"]
[EventDate "2006.05.21"]

1. d4 Nf6 2. Nf3 e6 3. e3 c5 4. Bd3 b6 5. O-O Bb7 6. c4 Be7 7. Nc3 O-O 8. d5
exd5 9. cxd5 d6 10. e4 Nbd7 11. Ne1 a6 12. a4 Qc7 13. Qe2 Rfe8 14. f4 Bf8 15.
Qf3 c4 16. Bc2 b5 17. g4 b4 18. g5 bxc3 19. gxf6 Nxf6 20. Ng2 cxb2 21. Bxb2
Qb6+ 22. Rf2 Qxb2 23. Rb1 Qd4 24. Rxb7 Nxe4 25. Bxe4 Rxe4 26. Rbb2 Rae8 27.
Rbd2 Qc5 28. f5 c3 29. Rc2 Rxa4 30. Nf4 Ree4 31. Ne2 Qxd5 32. Nxc3 Rg4+ 33. Kf1
Ra1+ 34. Ke2 Qe5+ 35. Qe3 Re1+ 36. Kxe1 Qxe3+ 37. Kf1 Rf4 38. Nd1 Rxf2+ 39.
Nxf2 Qf4 40. Kg1 Qxf5 0-1

[Event "XXXVII Olimpiadi femminile"]
[Site "Torino ITA"]
[Date "2006.05.31"]
[Round "10.1"]
[White "Repkova, Eva"]
[Black "Khoudgarian, Natalia"]
[Result "1-0"]
[WhiteElo "2346"]
[BlackElo "2123"]
[Annotator "SVK-CAN"]
[PlyCount "99"]
[EventDate "2006.05.21"]

1. e4 e6 2. b3 d5 3. Bb2 dxe4 4. Nc3 Nf6 5. Qe2 Nc6 6. Nxe4 Be7 7. Nf3 O-O 8.
O-O-O a5 9. a4 b6 10. Nxf6+ Bxf6 11. Qe4 Bxb2+ 12. Kxb2 Qd5 13. Qh4 Ba6 14. c4
Qf5 15. Be2 Nb4 16. d3 Rad8 17. g4 Qf4 18. Qg5 Qxg5 19. Nxg5 Bb7 20. Rhg1 Rd4
21. Rg3 Rfd8 22. Re3 c5 23. Kc3 h6 24. Nh3 g5 25. Ng1 Na2+ 26. Kb2 Nb4 27. Rd2
Kg7 28. Kc3 R8d6 29. h3 Kg6 30. h4 f5 31. gxf5+ exf5 32. Re7 Be4 33. h5+ Kf6
34. Rh7 Ke5 35. dxe4 fxe4 36. Rxd4 cxd4+ 37. Kd2 d3 38. Bd1 Nc6 39. f3 Kd4 40.
fxe4 Rf6 41. Rd7+ Kxe4 42. Bf3+ Rxf3 43. Nxf3 Kxf3 44. Rxd3+ Kf2 45. Rd6 Ne5
46. Rxh6 Nf3+ 47. Kc3 g4 48. Rg6 g3 49. h6 Ne5 50. Rg7 1-0

[Event "XXXVII Olimpiadi femminile"]
[Site "Torino ITA"]
[Date "2006.05.31"]
[Round "10.2"]
[White "Starr, Nava"]
[Black "Pokorna, Regina"]
[Result "1/2-1/2"]
[WhiteElo "2169"]
[BlackElo "2338"]
[Annotator "SVK-CAN"]
[PlyCount "85"]
[EventDate "2006.05.21"]

1. e4 e5 2. Nf3 Nc6 3. Nc3 Nf6 4. d4 exd4 5. Nxd4 Bb4 6. Nxc6 bxc6 7. Bd3 d5 8.
exd5 cxd5 9. O-O O-O 10. Bg5 c6 11. Qf3 Be7 12. h3 h6 13. Bf4 Bd6 14. Ne2 Rb8
15. b3 c5 16. Ng3 Rb4 17. Bxd6 Qxd6 18. c4 d4 19. Rfe1 Bb7 20. Nf5 Bxf3 21.
Nxd6 Ba8 22. Re7 Rb6 23. Nf5 Rb7 24. Rae1 Rd7 25. Rxd7 Nxd7 26. Re7 Bc6 27. Nd6
a6 28. Bf5 Nb8 29. Nxf7 d3 30. Kf1 Bxg2+ 31. Kxg2 d2 32. Nxh6+ gxh6 33. Bh7+
Kh8 34. Bc2 Nc6 35. Re2 Rd8 36. Bd1 Nb4 37. Re3 Nxa2 38. Kf3 Nc1 39. Re5 Rd3+
40. Re3 Rd8 41. Re5 Rd3+ 42. Re3 Rd8 43. Re5 1/2-1/2

[Event "XXXVII Olimpiadi femminile"]
[Site "Torino ITA"]
[Date "2006.05.31"]
[Round "10.3"]
[White "Borosova, Zuzana"]
[Black "Smith, Hazel"]
[Result "1-0"]
[WhiteElo "2210"]
[BlackElo "2035"]
[Annotator "SVK-CAN"]
[PlyCount "95"]
[EventDate "2006.05.21"]

1. e4 e6 2. d4 d5 3. Nc3 Bb4 4. Nge2 dxe4 5. a3 Bxc3+ 6. Nxc3 Nc6 7. Bb5 Nge7
8. Bg5 f6 9. Be3 O-O 10. Qd2 e5 11. d5 Nd4 12. Bc4 Kh8 13. Bxd4 exd4 14. Nxe4
Nxd5 15. O-O-O Nb6 16. Bb3 Re8 17. Nc5 Rb8 18. h4 Bf5 19. Qxd4 Qe7 20. Qc3 c6
21. f3 Rbd8 22. Rde1 Qc7 23. g4 Bc8 24. h5 h6 25. Nd3 Qd6 26. Bf7 Re7 27. Bg6
Nd5 28. Qd2 c5 29. c4 Rxe1+ 30. Rxe1 Ne7 31. Qe3 Nxg6 32. hxg6 Bd7 33. Nxc5 Bc6
34. Qe7 Qxe7 35. Rxe7 Bxf3 36. Nxb7 Rb8 37. Nd6 Bxg4 38. c5 Bf3 39. Rxa7 Bh5
40. c6 Bxg6 41. c7 Rg8 42. c8=Q Rxc8+ 43. Nxc8 h5 44. Kd2 Kh7 45. b4 Kh6 46.
Nd6 h4 47. Ke3 f5 48. b5 1-0

[Event "XXXVII Olimpiadi femminile"]
[Site "Torino ITA"]
[Date "2006.05.31"]
[Round "10.2"]
[White "Dengler, Dijana"]
[Black "Carreras Mendiolea, Paulina Adria"]
[Result "0-1"]
[WhiteElo "2144"]
[BlackElo "1935"]
[Annotator "MEX-BIH"]
[PlyCount "68"]
[EventDate "2006.05.21"]

1. d4 Nf6 2. c3 g6 3. Bg5 Bg7 4. Nd2 d5 5. e3 Nbd7 6. Ngf3 O-O 7. Be2 Re8 8.
O-O c5 9. a4 b6 10. Bb5 a6 11. Bc6 Ra7 12. Bxf6 Bxf6 13. Bxd5 e5 14. Qb3 Re7
15. dxe5 Nxe5 16. Nxe5 Rxe5 17. e4 Rh5 18. f4 Be6 19. Bxe6 Qxd2 20. Bg4 Rh4 21.
Rf2 Qe3 22. Qxb6 Rxg4 23. Qxf6 Rd7 24. Qe5 Rd2 25. Qb8+ Kg7 26. Raf1 Rxf2 27.
Rxf2 Qe1+ 28. Rf1 Qe2 29. g3 Qe3+ 30. Kg2 Qe2+ 31. Rf2 Qxe4+ 32. Kh3 h5 33. Qd6
g5 34. fxg5 Rh4+ 0-1

[Event "XXXVII Olimpiadi femminile"]
[Site "Torino ITA"]
[Date "2006.05.31"]
[Round "10.3"]
[White "Estrada Gaspar, Nelly Massiel"]
[Black "Dedijer, Mira"]
[Result "1-0"]
[WhiteElo "2029"]
[BlackElo "1987"]
[Annotator "MEX-BIH"]
[PlyCount "69"]
[EventDate "2006.05.21"]

1. e4 e6 2. d4 d5 3. Nc3 Nf6 4. Bg5 Be7 5. e5 Nfd7 6. Bxe7 Qxe7 7. f4 a6 8. Nf3
c5 9. dxc5 Nxc5 10. Qd2 Nc6 11. O-O-O b5 12. Bd3 Qc7 13. Kb1 Bd7 14. Ne2 Qb6
15. h4 a5 16. g4 b4 17. f5 Nxd3 18. Qxd3 Ne7 19. Ned4 g6 20. fxe6 fxe6 21. h5
O-O-O 22. Ng5 Rdf8 23. Rdf1 Nc6 24. Nxc6 Qxc6 25. hxg6 hxg6 26. Qxg6 d4 27.
Rxf8+ Rxf8 28. Rc1 Qd5 29. Nf7 Qf3 30. Nd6+ Kc7 31. Qd3 Qf4 32. Qa6 Qxg4 33.
Qxa5+ Kc6 34. Qxb4 Ra8 35. Qb7+ 1-0

[Event "XXXVII Olimpiadi femminile"]
[Site "Torino ITA"]
[Date "2006.05.31"]
[Round "10.1"]
[White "Fierro Baquero, Martha Lorena"]
[Black "Sabirova, Olga"]
[Result "1-0"]
[WhiteElo "2294"]
[BlackElo "2212"]
[Annotator "ECU-UZB"]
[PlyCount "43"]
[EventDate "2006.05.21"]

1. d4 Nf6 2. Nf3 g6 3. Bf4 Bg7 4. Nc3 d5 5. e3 Bg4 6. h3 Bxf3 7. Qxf3 c6 8. Bd3
Nbd7 9. g4 b5 10. O-O-O Qa5 11. Kb1 Nb6 12. Be5 b4 13. Ne2 Nbd7 14. Bh2 O-O 15.
h4 c5 16. g5 c4 17. gxf6 Nxf6 18. Bf5 gxf5 19. Rhg1 Kh8 20. Be5 Rac8 21. Qxf5
c3 22. Rxg7 1-0

[Event "XXXVII Olimpiadi femminile"]
[Site "Torino ITA"]
[Date "2006.05.31"]
[Round "10.2"]
[White "Hamrakulova, Yulduz"]
[Black "Moncayo Romero, Evelyn"]
[Result "0-1"]
[WhiteElo "2187"]
[BlackElo "2261"]
[Annotator "ECU-UZB"]
[PlyCount "84"]
[EventDate "2006.05.21"]

1. Nf3 Nf6 2. d4 c5 3. e3 e6 4. Bd3 Qc7 5. Nbd2 Nc6 6. a3 a6 7. O-O b5 8. b3
Bb7 9. Bb2 cxd4 10. exd4 d5 11. Qe2 Bd6 12. Ne5 Nd7 13. f4 O-O 14. Rf3 g6 15.
Rh3 f5 16. Ndf3 Ncxe5 17. dxe5 Bc5+ 18. Kh1 Rf7 19. Bd4 Bxd4 20. Nxd4 Qc3 21.
Rd1 Qxd4 22. Bxf5 Qb6 23. Bd3 Nc5 24. Qg4 Nxd3 25. Rhxd3 Rc8 26. R1d2 a5 27. h4
Rf5 28. Rh3 Rcf8 29. Rf3 d4 30. Rff2 Bd5 31. Kh2 b4 32. axb4 Qxb4 33. g3 d3 34.
cxd3 Rxe5 35. Qd1 Bxb3 36. Qf1 Rc5 37. d4 Rc3 38. Qa6 Rc1 39. Kh3 Rh1+ 40. Rh2
Rxh2+ 41. Rxh2 a4 42. Qa7 a3 0-1

[Event "XXXVII Olimpiadi femminile"]
[Site "Torino ITA"]
[Date "2006.05.31"]
[Round "10.3"]
[White "Vasquez Ramirez, Rocio"]
[Black "Khamrakulova, Shakhnoza"]
[Result "1-0"]
[WhiteElo "2252"]
[BlackElo "2032"]
[Annotator "ECU-UZB"]
[PlyCount "89"]
[EventDate "2006.05.21"]

1. e4 c5 2. Nf3 e6 3. c4 Nc6 4. Nc3 a6 5. d4 cxd4 6. Nxd4 Qc7 7. Nc2 Nf6 8. Be2
Be7 9. O-O O-O 10. Be3 d6 11. f4 Bd7 12. Rc1 Na5 13. Ne1 Rac8 14. b3 b6 15. Kh1
Qb8 16. e5 dxe5 17. fxe5 Qxe5 18. Bxb6 Nc6 19. c5 Nd5 20. Nxd5 exd5 21. Nf3 Qh5
22. Nd4 Qh4 23. Nf5 Bxf5 24. Rxf5 Bg5 25. Rc3 Bh6 26. Rh3 Qe7 27. Rxd5 Rfe8 28.
Bf1 Qf6 29. Rf3 Qh4 30. g3 Qb4 31. Kg2 Ne5 32. a3 Qg4 33. Bxa6 Nxf3 34. Qxf3
Qxf3+ 35. Kxf3 Ra8 36. Bb5 Re3+ 37. Kg2 Rxb3 38. a4 Be3 39. Bc6 Rc8 40. Bd7 Rf8
41. a5 Ra3 42. c6 Bxb6 43. axb6 Rb3 44. b7 g6 45. Bc8 1-0

[Event "XXXVII Olimpiadi femminile"]
[Site "Torino ITA"]
[Date "2006.05.31"]
[Round "10.1"]
[White "Atalik Polovnikova, Ekaterina"]
[Black "Tilenbaeva, Janyl"]
[Result "1-0"]
[WhiteElo "2393"]
[BlackElo "2051"]
[Annotator "TUR-KGZ"]
[PlyCount "47"]
[EventDate "2006.05.21"]

1. d4 d5 2. c4 c6 3. Nf3 Nf6 4. Nc3 g6 5. e3 Bg7 6. Bd3 O-O 7. O-O Nbd7 8. cxd5
Nxd5 9. e4 Nc7 10. Bf4 Ne6 11. Be3 Nb6 12. Be2 f5 13. Qb3 f4 14. Ng5 Qd6 15. e5
Qd7 16. Bg4 Rf5 17. Bxf5 gxf5 18. Bxf4 Nd5 19. Nxd5 cxd5 20. Nxe6 Qxe6 21. Rac1
b6 22. Rc7 Ba6 23. Rfc1 Rc8 24. Qa3 1-0

[Event "XXXVII Olimpiadi femminile"]
[Site "Torino ITA"]
[Date "2006.05.31"]
[Round "10.2"]
[White "Sabirova, Sofia"]
[Black "Topel, Zehra"]
[Result "0-1"]
[WhiteElo "2143"]
[BlackElo "2132"]
[Annotator "TUR-KGZ"]
[PlyCount "82"]
[EventDate "2006.05.21"]

1. d4 Nf6 2. Nf3 g6 3. Bg5 Bg7 4. e3 d5 5. c4 O-O 6. Nc3 c6 7. Ne5 Nbd7 8. cxd5
Nxe5 9. dxe5 Nxd5 10. Nxd5 cxd5 11. Bf4 Qb6 12. Qd4 Qa5+ 13. Qd2 Qxd2+ 14. Kxd2
f6 15. exf6 Rxf6 16. Rc1 e5 17. Bg3 Rb6 18. b3 Bd7 19. Rc7 Bc6 20. Be2 a5 21.
Rc1 h5 22. Rxg7+ Kxg7 23. Bxe5+ Kf7 24. Bd4 Rb4 25. Bd1 a4 26. a3 Rxb3 27. Bxb3
axb3 28. Bb2 Ra6 29. Kc3 Rb6 30. Kd4 Ke6 31. Rc5 Kd6 32. Ra5 Bb5 33. Kc3 Ba6
34. Kd4 Bc4 35. e4 Rc6 36. exd5 Rc8 37. a4 Be2 38. Ba3+ Kd7 39. Rc5 Ra8 40. Kc3
Bd1 41. Kb4 Rxa4+ 0-1

[Event "XXXVII Olimpiadi femminile"]
[Site "Torino ITA"]
[Date "2006.05.31"]
[Round "10.1"]
[White "Lujan, Carolina Maria"]
[Black "Heinatz, Gundula"]
[Result "1-0"]
[WhiteElo "2378"]
[BlackElo "2277"]
[Annotator "ARG-SUI"]
[PlyCount "77"]
[EventDate "2006.05.21"]

1. e4 c5 2. Nf3 Nc6 3. d4 cxd4 4. Nxd4 Nf6 5. Nc3 d6 6. Bg5 e6 7. Qd2 a6 8.
O-O-O Bd7 9. f4 h6 10. Bh4 g5 11. fxg5 Ng4 12. Nf3 Be7 13. Bg3 hxg5 14. Be2
Nge5 15. Nxe5 dxe5 16. Rhf1 Qc7 17. Bg4 Rh7 18. Rf3 O-O-O 19. Qf2 Rf8 20. Na4
Kb8 21. Nb6 Bc8 22. Kb1 Nb4 23. Nxc8 Rxc8 24. Rc3 Nc6 25. a3 Ka8 26. Be2 Bd8
27. h3 Rh8 28. Bh2 Qb6 29. Qxf7 Bc7 30. Qxe6 Rhe8 31. Qg4 Nd4 32. Bg1 Rcd8 33.
Bc4 Qf6 34. Bd5 Bb6 35. Bxd4 exd4 36. Rf3 Qd6 37. Rf7 Rb8 38. Rdf1 Rec8 39.
Rxb7 1-0

[Event "XXXVII Olimpiadi femminile"]
[Site "Torino ITA"]
[Date "2006.05.31"]
[Round "10.3"]
[White "Sarquis, Maria Belen"]
[Black "Hund, Barbara"]
[Result "1/2-1/2"]
[WhiteElo "2153"]
[BlackElo "2261"]
[Annotator "ARG-SUI"]
[PlyCount "151"]
[EventDate "2006.05.21"]

1. e4 e5 2. Nf3 Nc6 3. Bb5 a6 4. Ba4 Nf6 5. d4 exd4 6. O-O Be7 7. Re1 b5 8. e5
Nd5 9. Bb3 Nb6 10. Nxd4 Nxd4 11. Qxd4 O-O 12. c3 d5 13. exd6 Bxd6 14. Bf4 Bb7
15. Bxd6 Qxd6 16. Qxd6 cxd6 17. Nd2 Rfe8 18. Nf1 d5 19. Ne3 Nc4 20. Bxc4 dxc4
21. b3 cxb3 22. axb3 g6 23. c4 bxc4 24. Nxc4 Bc6 25. h3 Rxe1+ 26. Rxe1 Rb8 27.
Re3 Bd5 28. Rd3 Be6 29. Kh2 Kg7 30. Nd2 Rb4 31. Rd6 Bc8 32. Kg3 h5 33. f3 h4+
34. Kf2 Bb7 35. Ke3 a5 36. Kd3 Rb5 37. Rd4 Rg5 38. Rxh4 Rxg2 39. Ra4 Rg5 40.
Ke3 Bc6 41. Rc4 Bd7 42. h4 Rb5 43. Kd4 Rh5 44. Kc3 Bb5 45. Rf4 Rc5+ 46. Nc4 Rc7
47. Kd4 a4 48. Na3 axb3 49. Nxb5 b2 50. Na3 Ra7 51. Nb1 Ra1 52. Kc3 Rxb1 53.
Kc2 Re1 54. Kxb2 Rd1 55. Kc2 Rd5 56. Kc3 f5 57. Kc4 Rd1 58. h5 gxh5 59. Rxf5
Kg6 60. Rf8 h4 61. Rg8+ Kf5 62. Rh8 Rh1 63. Kd3 Kf4 64. Rf8+ Kg3 65. Ke2 h3 66.
Rg8+ Kh2 67. Kf2 Ra1 68. f4 Ra2+ 69. Kf3 Rg2 70. Rh8 Rg7 71. Rh6 Ra7 72. f5
Ra3+ 73. Kf2 Ra5 74. Rh5 Ra2+ 75. Kf3 Ra3+ 76. Kf2 1/2-1/2

[Event "XXXVII Olimpiadi femminile"]
[Site "Torino ITA"]
[Date "2006.05.31"]
[Round "10.2"]
[White "Cua, Sherily"]
[Black "Pasku, Roela"]
[Result "1-0"]
[WhiteElo "1954"]
[BlackElo "1892"]
[Annotator "ALB-PHI"]
[PlyCount "100"]
[EventDate "2006.05.21"]

1. d4 Nf6 2. c4 g6 3. Nc3 Bg7 4. e4 d6 5. f3 O-O 6. Be3 Nc6 7. Nge2 e5 8. d5
Na5 9. Nc1 c5 10. dxc6 bxc6 11. Be2 c5 12. Qd2 Nc6 13. h4 Nd4 14. g4 Ne8 15. h5
f5 16. hxg6 hxg6 17. gxf5 gxf5 18. Nd3 Be6 19. Nf2 Rb8 20. O-O-O Qa5 21. Bh6 f4
22. Rdg1 Qb4 23. Nfd1 Bxc4 24. Bxc4+ Qxc4 25. Bxg7 Nxg7 26. Qh2 Nde6 27. Qh7+
Kf7 28. Rh6 Rb7 29. Rxe6 Kxe6 30. Rxg7 Rxg7 31. Qxg7 Rf7 32. Qg6+ Kd7 33. b3
Qe6 34. Qg8 Qe8 35. Qg2 Qh8 36. Qg4+ Kc6 37. Qe6 Rb7 38. Qc4 Qb8 39. Qa4+ Kc7
40. Nd5+ Kd8 41. N1c3 Rh7 42. Nf6 Rh1+ 43. Kd2 Ke7 44. Ncd5+ Kf7 45. Qd7+ Kg6
46. Qg4+ Kf7 47. Nh5 Rh2+ 48. Kc3 Qf8 49. Qf5+ Ke8 50. Nhf6+ Kf7 1-0